Základní kurz svařování metodou 311

Gespeichert in:
Bibliographische Detailangaben
1. Verfasser: Minařík, Václav (Verfasst von)
Format: Buch
Sprache:Tschechisch
Veröffentlicht: Ostrava : Zeross, 2006
Ausgabe:1. vyd
Schriftenreihe:Svařování
Schlagworte:
Tags: Tag hinzufügen
Keine Tags, Fügen Sie das erste Tag hinzu!

MARC

LEADER 00000nam a22000003a 4500
001 stu126838
005 20150617225907.1
008 060922s2006----xr------------------cze-d
020 |a 80-86698-03-4 
040 |a STU  |b slo 
041 0 |a cze 
044 |a xr 
080 |a 621.791 
100 1 |a Minařík, Václav  |4 aut 
245 1 |a Základní kurz svařování metodou 311 
250 |a 1. vyd 
260 |a Ostrava :  |b Zeross,  |c 2006 
300 |a 115 s 
650 7 |a zváranie  |2 stusub 
830 0 |a Svařování 
996 |b 284M074082  |c M*B-435  |l MMKN  |s A  |a 24  |w stu126838_0001